000 01240nam a2200301 a 4500
001 000000171
003 DO-SdBNP
005 20260321073636.0
008 081117s2000 dr 000 0 spa d
020 _a9993410055
020 _a9789993410058
040 _aDO-SdBNP
_bspa
_cBNPHU
082 _a320.98
_bB742d, 2000
100 1 _a Bosch, Juan,
_d1909-2001
_976555
245 1 0 _aDe México a Kampuchea /
_cJuan Bosch.
250 _a3a ed.
260 _aSanto Domingo :
_bAlfa & Omega,
_c2000.
300 _a145 p. ;
_c20 cm.
505 0 _tUn presidente que se respeta --
_tLa carta de los pueblos --
_tEl país que se fue adelante --
_tRusell, un tribunal con respaldo popular --
_tItalia ni aquí ni en ninguna parte --
_tClaveles y fusiles --
_t¿Adónde va España? --
_tEn Venezuela andan juntos petróleo y miseria --
_tUn respiro y nada más --
_tEl nombre que hace historia.
590 _aInventariado, 2018/LP
600 1 0 _a Bosch, Juan,
_d1909-2001
_976555
651 4 _aMéxico
_xPolítica y gobierno
_9539
651 4 _aEuropa
_xPolítica y gobierno
_9540
651 4 _aCuba
_xPolítica y gobierno
_9541
651 0 _aVenezuela
_xPolítica y gobierno
_926230
910 _aValidado. Control de calidad MMOLINA
942 _2ddc
_cLBS1
999 _c171
_d171